| 000 | 00673nac a22002171u 4500 | ||
|---|---|---|---|
| 010 | _a 90034523 | ||
| 020 | _a083113030X : | ||
| 082 | 0 | 0 |
_a621.811 _bRYD |
| 090 |
_c5409 _d5409 |
||
| 100 | _aRyder, G. H. | ||
| 245 | 1 | 0 |
_aMechanics of machines / _cG.H. Ryder and M.D. Bennett. |
| 250 | _a2nd ed. | ||
| 260 |
_aNew York, NY : _bIndustrial Press,1990 _cc1990. |
||
| 300 |
_avii, 335 p. : _bill. ; _c25 cm. |
||
| 500 | _aIncludes index. | ||
| 500 | _adistributer: Al-Ahram | ||
| 511 | _acatalogued by: wessam | ||
| 650 | 0 | _aMechanical engineering. | |
| 700 | 1 |
_aBennett, M. D. _q(Michael David) |
|
| 942 |
_cBB _k621.811RYD |
||
| 999 |
_c5409 _d5409 |
||